Normal view
MARC view
- تأليف : دافيدوف،ليندا ؛ ترجمة : نجيب ألفونس خزام، سيد الطواب ؛ مراجعة : فؤاد أبو حطب
Entry Personal Name
001 - CONTROL NUMBER
- control field: 9894
003 - CONTROL NUMBER IDENTIFIER
- control field: JO-AjAnu
005 - DATE AND TIME OF LATEST TRANSACTION
- control field: 20230606071906.0
008 - FIXED-LENGTH DATA ELEMENTS
- fixed length control field: 230606|| aca||aabn | a|a d
040 ## - CATALOGING SOURCE
- Original cataloging agency: JO-AjAnu
- Transcribing agency: JO-AjAnu
100 ## - HEADING--PERSONAL NAME
- Personal name: تأليف : دافيدوف،ليندا ؛ ترجمة : نجيب ألفونس خزام، سيد الطواب ؛ مراجعة : فؤاد أبو حطب
670 ## - SOURCE DATA FOUND
- Source citation: Work cat.: (JO-AjAnu)5099: تأليف : دافيدوف،ليندا ؛ ترجمة : نجيب ألفونس خزام، سيد الطواب ؛ مراجعة : فؤاد أبو حطب, author, السلوك الاجتماعي : الوراثة -البيئة والروابط الاجتماعية